000 00507nam a2200169Ia 4500
999 _c11556
_d11556
003 OSt
005 20201020111358.0
008 190216s9999||||xx |||||||||||||| ||und||
040 _coclc
082 _a891.4
_bTAG/C
100 1 _aTagore, Rabindranath
_938
_d1861-1941
245 4 _aThe Crescent Moon /
_cRabindranath Tagore
260 _bMacmillan And Company Limited ,
_c1965.
_aLondon:
300 _a82p
650 _aEnglish Poetry
942 _cBK
_2ddc
_h891.4
_iTAG/C
_k891.4
_mTAG/C